00999nam a2200289 u 450000100070000000500170000700800410002403500110006504000130007604100080008908200080009710000540010524500640015926000430022330000130026665000370027965000340031665000600035065000200041065000320043065000370046294200100049999900170050950200120052652600080053895201630054612707320260506072905.0970520s1997 ||||||m| spa  a127073 ccomduadb aspa 4a62110aMolina Gonzalez, Martha Cecilia4auteaut948943610aMateriales de empaque en Industrias Alimenticias Noel S. A. aMedellín :b[sin publicador],c1997. a92 hojas aIngeniería de métodos911200 aMedellín (Antioquia)936127 aIndustrias Alimenticias Noel (Empresa comercial)932993 aEmpaques932317 aCalidad del producto955519 aProcedimientos de trabajo915126 cTESIS c70587d70587 b174c17 a176 001040708TESISBCaBCbBCd1997-05-20eMaterial adquirido por donacióniC183103l0o621.7 M722mp61000000901336r2023-04-21 00:00:00t1w2023-04-21yTESIS